000
00311nam a22001337a 4500
020
_a
07-034868-5
082
_a
621.381 KIR'E
100
_a
STONE, K. M,KIRSHNER, C
_9
78998
245
_a
ELECTRONICS DRAFTING WORKBOOK
250
_a
2ND
260
_a
NEWYORK
_b
MCGRAW HILL
_c
1973
300
_a
107P
942
_c
BK
999
_c
584068
_d
584068